Sistema jurídico y enunciados normativos : una crítica a la teoría de Alchourrón y Bulygin /

Guardado en:
Autor Principal: Álvarez, Julián.
Formato: Libro
Idioma:Undetermined
Publicado: Buenos Aires : Marcial Pons, 2025.
Edición:1a. ed.
Series:Filosofía y derecho
Materias:
Etiquetas: Agregar Etiqueta
Sin Etiquetas, Sea el primero en etiquetar este registro!
LEADER 00567nam a22001695a 4500
001 DER.der015562
008 251125s2025####ag############000#0#und#d
005 20251125170627.0
245 1 0 |a Sistema jurídico y enunciados normativos :  |b una crítica a la teoría de Alchourrón y Bulygin /  |c Julián Álvarez. 
250 |a 1a. ed. 
260 |a Buenos Aires :  |b Marcial Pons,  |c 2025. 
300 |a 195 p. 
490 1 |a Filosofía y derecho 
020 |a 9788413816661 
100 1 |a Álvarez, Julián. 
650 7 |a FILOSOFÍA DEL DERECHO 
859 |a DERECHO  |b BIB. DERECHO  |h 340.1  |i ALV  |p 0010747